Same Start and End 6-Letter Words Quiz Stats

 Plays Quiz Updated Apr 29, 2016

Score 0/20 Timer 04:00
5 Plays Today
Clue Answer % Correct
Mickey Mouse's duck friendDonald
96.8%
One of the continentsEurope
96.4%
A unit of force named after Sir IsaacNewton
92.7%
A tree that comes in a weeping varietywillow
92.1%
Fix something that's been brokenrepair
90.3%
Greek goddess of wisdomAthena
89.2%
Every 365 daysyearly
87.4%
El Prado or Le Louvre, e.g.museum
86.3%
Tension, strain, or pressurestress
82.2%
Actor Seymour Hoffman or composer GlassPhilip
81.8%
Clue Answer % Correct
NBA player in Boston or one of Irish descentCeltic
81.2%
One's state of well-beinghealth
76.5%
Baseball's original Iron Man LouGehrig
75.2%
An Alaskan island or type of bearKodiak
70.7%
A legume with edible seedslentil
56.6%
Type of shop that Macklemore sang aboutthrift
55.6%
Narrow strips of land connecting two land massesisthmi
39.2%
A broad-trunked tree of Australia or Madagascarbaobab
36.3%
Havel the playwright and Czech presidentVáclav
26.9%
Book format made from folding a quartooctavo
15.9%

You're not logged in!

Compare scores with friends on all Sporcle quizzes.
OR
Log In

You Might Also Like...

Show Comments

Extras

Top Quizzes Today


Score Distribution

Your Account Isn't Verified!

In order to create a playlist on Sporcle, you need to verify the email address you used during registration. Go to your Sporcle Settings to finish the process.

Report this User

Report this user for behavior that violates our Community Guidelines.

Details: